Nazwa państw w ich języku - Statystyki

Ogólne statystyki
  • Ten quiz został rozwiązany 69 razy
  • Średni wynik to 12 z 16
Statystyki odpowiedzi
Hint Odpowiedź % Poprawnych
Deutschland Niemcy
98%
Bosna i Hercegovina Bośnia i Hercegowina
95%
España Hiszpania
95%
Pilipinas Filipiny
94%
România Rumunia
92%
Slovenija Słowenia
92%
Latvija Łotwa
89%
Україна Ukraina
88%
Soomaaliya Somalia
86%
Eesti Estonia
85%
Lëtzebuerg Luksemburg
76%
Србија Serbia
47%
Samaa Samoa
45%
Монгол Mongolia
44%
Éireann Irlandia
42%
Shqipëria Albania
30%
Nie znaleziono quizów pasujących do podanych kryteriów
Rozkład punktacji
Procent ludzi z każdym wynikiem
Percentyl według liczby udzielonych odpowiedzi
Twoja historia wyników
Nie rozwiązałeś tego quizu